Diverse teams are better for business, clients and talent attraction (Record no. 121229)
[ view plain ]
| 000 -LEADER | |
|---|---|
| fixed length control field | 00550nas a22001817a 4500 |
| 001 - CONTROL NUMBER | |
| control field | K121229 |
| 007 - PHYSICAL DESCRIPTION FIXED FIELD--GENERAL INFORMATION | |
| fixed length control field | ta |
| 008 - FIXED-LENGTH DATA ELEMENTS--GENERAL INFORMATION | |
| fixed length control field | 200319b2020 ||||| |||| 00| 0 eng d |
| 041 ## - LANGUAGE CODE | |
| Language code of text/sound track or separate title | eng |
| 100 ## - MAIN ENTRY--PERSONAL NAME | |
| Personal author | Schofield, Rebecca |
| 245 ## - TITLE STATEMENT | |
| Title | Diverse teams are better for business, clients and talent attraction |
| 260 ## - PUBLICATION INFORMATION | |
| Date | 2020 |
| 490 ## - SERIES TITLE | |
| Series statement | RICS Modus |
| Volume | March 2020, 8(1) |
| 520 ## - ABSTRACT | |
| Abstract | Reports measures taken by Knight Frank to increase diversity in their company. |
| 650 ## - KEYWORDS | |
| Keywords | DIVERSITY |
| 651 ## - SUBJECT ADDED ENTRY--GEOGRAPHIC NAME | |
| Geographic name | United Kingdom |
| 690 ## - LOCAL SUBJECT ADDED ENTRY--TOPICAL TERM (OCLC, RLIN) | |
| 9 (RLIN) | 6226 |
| Topical term or geographic name as entry element | Business and management |
| Withdrawn status | Lost status | Source of classification or shelving scheme | Damaged status | Not for loan | Home library | Current library | Shelving location | Date acquired | Total Checkouts | Date last seen | Price effective from | Koha item type |
|---|---|---|---|---|---|---|---|---|---|---|---|---|
| Dewey Decimal Classification | London | London | Journal article | 19/03/2020 | 19/03/2020 | 19/03/2020 | Journal article |